000 00889nam a22001937a 4500
999 _c59173
_d59173
003 Ge_BSU
005 20221202095815.0
008 221202s1986ge xxu||||| |||| 00| 0 geo d
041 _ageo
080 _a821.353.1-32 ბ-95
100 _aბუაჩიძე, თენგიზ, ავტ.
_916297
245 _aაღსარება ანუ პროფესორი სორდია :
_b[მოთხრობა] /
_cთენგიზ ბუაჩიძე ;ბოლოსიტყვ. ავტ.: ა. ბესტავაშვილი.
264 _aთბილისი :
_bმერანი,
_c1986.
300 _a135 გვ. ;
_b 20 სმ.
653 _aაღსარება ანუ პროფესორი სორდია
653 _a[მოთხრობა]
700 _aბესტავაშვილი, ა.
_916298
942 _2udc
_cBK